NBA Most All-Star Selections by Country - Statistics

General Stats
  • This quiz has been taken 40 times
  • The average score is 18 of 26
Answer Stats
Country Selections Most Recent
Selection
Player % Correct
Argentina 2 2011 Manu Ginóbili
97%
Cameroon 7 2024 Joel Embiid
92%
China 8 2011 Yao Ming
92%
Greece 10 2026 G. Antetokounmpo
89%
Serbia 8 2026 Nikola Jokić
89%
Slovenia 6 2026 Luka Dončić
86%
Germany 14 2019 Dirk Nowitzki
84%
United States 22 2026 LeBron James
84%
Canada 8 2012 Steve Nash
84%
France 6 2014 Tony Parker
81%
DRC 8 2002 Dikembe Mutombo
78%
Spain 6 2016 Pau Gasol
78%
Nigeria 12 1997 Hakeem Olajuwon
76%
Turkey 2 2026 Alperen Şengün
70%
Finland 1 2023 Lauri Markkanen
68%
Dominican Rep. 6 2026 Karl-Anthony Towns
65%
Latvia 1 2018 Kristaps Porziņģis
62%
Russia 1 2004 Andrei Kirilenko
59%
Australia 3 2021 Ben Simmons
59%
Israel 1 2026 Deni Avdija
59%
Jamaica 11 1997 Patrick Ewing
57%
Lithuania 3 2023 Domantas Sabonis
51%
Montenegro 2 2021 Nikola Vučević
49%
Netherlands 1 1998 Rik Smits
38%
United Kingdom 2 2013 Luol Deng
24%
Panama 4 1990 Rolando Blackman
19%
No matching quizzes found
Score Distribution
Percent of People with Each Score
Percentile by Number Answered
Your Score History
You have not taken this quiz